El acuerdo España-Mercado Común (Record no. 22564)

MARC details
000 -LEADER
campo de control de longitud fija 00765nam a2200205 i 4500
001 - NÚMERO DE CONTROL
campo de control 22564
003 - IDENTIFICADOR DE NÚMERO DE CONTROL
campo de control ES-MaACL
005 - FECHA Y HORA DE LA ÚLTIMA TRANSACCIÓN
campo de control 20250930063038.0
007 - CAMPO FIJO DE DESCRIPCIÓN FÍSICA--INFORMACIÓN GENERAL
campo de control de longitud fija t|
008 - DATOS DE LONGITUD FIJA--INFORMACIÓN GENERAL
campo de control de longitud fija 021203s1970 sp ||||1| spa d
100 0# - ENTRADA PRINCIPAL--NOMBRE DE PERSONA
Nombre de persona Alonso Madero, Antonio
9 (RLIN) 20186
245 13 - MENCIÓN DEL TÍTULO
Título El acuerdo España-Mercado Común
Resto del título : comentarios y texto... /
Mención de responsabilidad, etc. Antonio Alonso Madero, Camilo Barcia ; prólogo de José Luis Cerón.
260 ## - PUBLICACIÓN, DISTRIBUCIÓN, ETC.
Lugar de publicación, distribución, etc. [Madrid] :
Nombre del editor, distribuidor, etc. Asociación para el Progreso de la Dirección,
Fecha de publicación, distribución, etc. [1970]
300 ## - DESCRIPCIÓN FÍSICA
Extensión XIX, 439 p. ;
Dimensiones 27 cm.
700 1# - ENTRADA AGREGADA--NOMBRE PERSONAL
Nombre de persona Barcia Trelles, Camilo,
Fechas asociadas al nombre 1888-1977
9 (RLIN) 25548
700 1# - ENTRADA AGREGADA--NOMBRE PERSONAL
Nombre de persona Cerón, José Luis.
9 (RLIN) 37543
710 2# - ENTRADA AGREGADA--NOMBRE DE ENTIDAD CORPORATIVA
Nombre de entidad corporativa o nombre de jurisdicción como elemento de entrada Asociación para el Progreso de la Dirección.
9 (RLIN) 1775
852 ## - LOCALIZACIÓN
Ubicación ES-MaACL
Número de control de estantería C-37295
Sublocalización o colección R.75151
Holdings
Estatus retirado Estado de pérdida Estado de daño No para préstamo Biblioteca de origen Biblioteca actual Ubicación en estantería Fecha de adquisición Fuente de adquisición Total de préstamos Signatura topográfica completa Código de barras Visto por última vez Precio de reemplazo Tipo de ítem Koha
        Biblioteca del Ateneo de Madrid Biblioteca del Ateneo de Madrid Depósito 2 17/01/2008     C-37295 1023230 23/02/2023 23/02/2023 Libro impreso